| 000 | 00907nam a22002417a 4500 | ||
|---|---|---|---|
| 999 |
_c8047 _d8047 |
||
| 003 | AR-CdUCM | ||
| 008 | 190322b ||||| |||| 00| 0 spa d | ||
| 040 |
_aMUNICIPALIDAD PROVINCIAL DEL CUSCO _cBIBLIOTECA MUNICIPAL DEL CUSCO |
||
| 082 |
_a510 / _bC86 |
||
| 100 |
_aCox, D. R. _922741 |
||
| 245 | _aEstudio Matemático de las Colas / | ||
| 260 |
_aMéxico : _bHispano Americana ; _c1964. |
||
| 300 |
_a218 páginas ; _bFórmulas, diagramas _c17cm |
||
| 440 |
_aColección Manuales Uteha _n180/180a _922742 |
||
| 500 | _aSección 1 | ||
| 505 | _aContenido: La disciplina de cola -- Medición de la congestión -- Equilibrio estadístico -- Teoría de no equilibrio -- Colas con varias estaciones de servicio... | ||
| 650 |
_aColas _922743 |
||
| 650 |
_aEquilibrio _920316 |
||
| 650 |
_aMatemática _921292 |
||
| 700 |
_aGarza, Tomas S. (traducción) _922744 |
||
| 942 |
_2ddc _cLIBROS |
||
| 945 | _anom | ||